| 000 | ncm a22 a 4500 | ||
|---|---|---|---|
| 999 |
_c359630 _d359630 |
||
| 003 | BLK | ||
| 005 | 20200504124626.0 | ||
| 008 | 200415b bu ||||| |||| 00| 0 bu d | ||
| 040 | _aBLK | ||
| 041 |
_aBUL _cBUL |
||
| 080 |
_aВокална музика _b784 _z784 |
||
| 080 |
_aМузика за пиано _b786.2 _z786.2 |
||
| 100 | 1 |
_969959 _aЗлатев, Георги |
|
| 139 |
_aЗлатев-Черкин, Георги _bЗ 72 |
||
| 245 |
_aМомини жалби _cГеорги Златев - Черкин _bЗа висок глас и пиано |
||
| 260 |
_9209548 _aСофия _bНаука и изкуство _c1954 |
||
| 300 |
_a7 с. _c30 см |
||
| 380 | _a7 | ||
| 650 | 7 |
_9166108 _aПесни |
|
| 653 | 7 |
_9183324 _aвисок глас |
|
| 653 | 7 |
_9193730 _aпиано |
|
| 700 |
_91581 _aЛанков, Никола _eтекст |
||
| 852 | _aЦб М ІІ 277 | ||
| 942 |
_cNOT _n0 _s1 |
||
| 944 |
_aCR _c2020-05-04 _l2020-05-04 _kАтанаска Минкова |
||
| 999 | _d354687 | ||
| 999 | _d354680 | ||
| 999 | _d354657 | ||